000 00317nam a2200109Ia 4500
008 160531s9999 xx 000 0 und d
100 _aSchaff, J.-F.
245 _aInterferometry with Atoms
245 _cby J.-F. Schaff, T. Langen, J. Schmiedmayer
260 _c2015
856 _uhttp://arxiv.org/pdf/1504.04285v1.pdf
999 _c295187
_d295187